| 000 | 00433nam a2200157 a 4500 | ||
|---|---|---|---|
| 001 | 833 | ||
| 003 | CDMR | ||
| 005 | 20130510115944.0 | ||
| 008 | 130130s ||||||||||||||||||||||||||||d | ||
| 040 |
_aCDMR _bcat _cCDMR |
||
| 100 | 1 |
_aDalmases, Javier de _9655 |
|
| 245 | 1 | 3 |
_aEl Diario de Barcelona en su primer año de existencia _cJavier de Dalmases |
| 260 | _aBarcelona | ||
| 610 | 2 |
_92617 _aDiari de Barcelona _xHistòria |
|
| 942 |
_cTSN _2udc |
||
| 999 |
_c833 _d833 |
||